Narración biográfica del Gran Mariscal D. José de La-Mar, y de la traslación de sus restos mortales de la República de Centro América a la del Perú. Escríbela por encargo del Supremo Gobierno Manuel Vicente Villarán, Abogado de los Tribunales de Justicia de la República y Oficial 1§ del Ministerio de Relaciones Exteriores

Guardat en:
Dades bibliogràfiques
Autor principal: Villarán, Manuel Vicente (Autor)
Format: Llibre
Idioma:espanyol
Publicat: Lima Imprenta de Eusebio Aranda 1847
Edició:1a. ed
Matèries:
Etiquetes: Afegir etiqueta
Sense etiquetes, Sigues el primer a etiquetar aquest registre!

MARC

LEADER 00000nam a2200000 a 4500
001 UCJ5920
003 CL-VaPUC
008 070124e18470000PE |||||||||||||||||spa|d
082 0 4 |a 923  |b LAM  |2 21 
100 0 |a Villarán, Manuel Vicente  |e author  |9 511880 
245 1 0 |a Narración biográfica del Gran Mariscal D. José de La-Mar, y de la traslación de sus restos mortales de la República de Centro América a la del Perú. Escríbela por encargo del Supremo Gobierno Manuel Vicente Villarán, Abogado de los Tribunales de Justicia de la República y Oficial 1§ del Ministerio de Relaciones Exteriores 
246 1 0 |a Oración fúnebre que en las exequias del Gran Mariscal D. José de La Mar, hechas con motivo de la traslación de sus restos de Costa Rica al Perú, pronunció en 4 de marzo de 1847 en la Iglesia Catedral de Lima el D. D. Pedro José Tordoya, Prebendado de la misma, Capellán Mayor del Monasterio de Bernardas de la Santísima Trinidad, y Diputado Suplente por la provincia de Camana al Congreso de 1845 
250 |a 1a. ed 
300 |a 181 p 
942 |c BK 
945 |d 20070124 00:00:00  |a rinostro 
260 |a Lima  |b Imprenta de Eusebio Aranda  |c 1847 
500 |a Advierte errata. En la portada aparece una firma autógrafa de Ballivian, probablemente el prócer boliviano José. En el texto Lamar aparece como La-Mar, pero se lo ha ingresado en la forma en que aparece en las biografías y libros modernos. El puerto boliviano de Cobija fue rebautizado Puerto La Mar en su homenaje 
600 0 7 |a BALLIVIAN, JOSE  |2 CL-VaPUC  |9 505064 
600 0 7 |a LAMAR, JOSE DE  |2 CL-VaPUC  |9 504710 
650 7 |a BIOGRAFIA  |2 CL-VaPUC  |9 504622 
650 0 |a Guerra de la independencia   |9 331979 
650 0 |a Homenajes  |9 258192 
650 7 |a NECROLOGIA  |2 CL-VaPUC  |9 504408 
650 7 |a PRESIDENTES DEL PERU  |2 CL-VaPUC  |9 509572 
650 0 |a Autógrafos   |9 446110 
651 0 |a Perú  |9 256567 
583 |a last modification  |c 20070124 00:00:00  |k Rodrigo Vera 
999 |c 322028  |d 322026 
952 |0 0  |1 0  |4 0  |6 923_000000000000000_LAM_1847  |7 0  |8 X  |9 400934  |a FDOBUD  |b FDOBUD  |d 2019-11-22  |i 1041193  |o 923 LAM 1847  |p 1041193  |r 2019-11-22  |w 2019-11-22  |y BK_X  |k BUD